00329pam a2200145a 44500008004100000020000900041041001200050082000900062100001900071245003100090250000600121260003900127300000800166650000900174230515b1998 xxu||||| |||| 00| 0 eng d aNULL aENGLISH aN.D. aW.A.J. Chapman aWorkshop Technology Vol- I a0 aNULLbViva Book Printed Ltd.c1998 a412 aNULL